[Event "Moscow Tal Memorial 7th"]
[Site "Moscow"]
[Date "2012.06.17"]
[Round "8"]
[White "Carlsen, Magnus"]
[Black "Tomashevsky, Evgeny"]
[Result "1/2-1/2"]
[WhiteElo "2835"]
[BlackElo "2738"]
[Annotator "Marin,Mihail"]
[PlyCount "169"]
[EventDate "2012.06.08"]
[EventType "tourn"]
[EventRounds "9"]
[EventCountry "RUS"]
[EventCategory "22"]
[SourceTitle "CBM 149"]
[Source "ChessBase"]
[SourceDate "2012.07.17"]
[SourceVersion "1"]
[SourceVersionDate "2012.07.17"]
[SourceQuality "1"]

1. c4 e5 2. Nc3 Nf6 3. Nf3 Nc6 4. g3 Bc5 5. Bg2 d6 6. O-O a6 7. a3 O-O 8. b4 Ba7 9. d3 h6 10. Bb2 {I have a lot of experience as White with this line, but I must confess that White's regrouping completed on the 14th move was unfamiliar to me.} Rb8 $5 {A rare move. Black overdefends the b7-pawn in order to enable the standard manoeuvre ...c6-e7-g6. In some cases, Black can display some queenside ambitions with ...b7-b5.} ({The main line is} 10... Be6 {as played in Marin,M (2551)-Navara,D (2656) Reggio Emilia 2007 CBM 122 [Marin,M] (1/2, 37)}) (10... Bg4 {is an important alternative:} 11. Rc1 Qd7 12. e3 Ne7 (12... Qf5 {fails to keep White pinned:} 13. Nd5 Qh5 14. Nxf6+ gxf6 15. h3 $1 Bxh3 16. Bxh3 Qxh3 {Marin,M (2541)-Nemeth,F (2426) Baile Tusnad ROM 2005 (1/2, 17)} 17. c5 $36 {[%csl Ga7,Gg8]}) (12... Bh3 {transposes to 10...e6.}) 13. Qc2 c6 14. c5 Ng6 15. cxd6 Qxd6 16. h3 Bf5 17. e4 Be6 18. Na4 $14 {Marin,M (2541)-Valeanu,E (2380) Baile Tusnad 2005 (1-0, 42)}) 11. Rc1 ({RR} 11. Nd2 Bf5 12. Nde4 Nxe4 13. Nxe4 Qd7 14. Rc1 Bh3 15. e3 Bxg2 16. Kxg2 f5 17. Nd2 f4 18. exf4 exf4 19. Qf3 Rf5 20. g4 Rg5 21. Kh1 Qxg4 22. Qxg4 Rxg4 23. Ne4 Bd4 24. Bxd4 Nxd4 25. f3 Rg6 {Fresow,B (1804)-Carlsson,L (2375) Reykjavik ISL 2023 0-1 (43)}) 11... Be6 12. Nd2 (12. e3 Ne7 13. a4 {This obstinate play on the queenside does not offer White much, since Black is well regrouped.} (13. Nd2 {would transpose back to the game.}) 13... Qd7 14. Re1 Ng6 15. b5 Bg4 16. Qb3 Bb6 (16... Qf5 17. Nd2 Qxd3 $2 18. Nde4 Nxe4 19. Bxe4 Qd2 20. Rcd1 $18) 17. Nd2 Bh3 18. Qd1 Bxg2 19. Kxg2 Ba5 20. Nb3 Bb4 21. Rf1 axb5 22. axb5 Bxc3 23. Bxc3 c6 $132 {Le Quang,L (2715)-Bruzon Batista,L (2673)/Khanty-Mansiysk 2011/CBM 145 (1/2, 34)}) ({RR} 12. e3 Ne7 13. a4 Qd7 14. Re1 Ng6 15. b5 Bg4 16. Qb3 Bb6 17. Nd2 Bh3 18. Qd1 Bxg2 19. Kxg2 Ba5 20. Nb3 Bb4 21. Rf1 axb5 22. axb5 Bxc3 23. Bxc3 c6 24. b6 Ra8 25. d4 Ne4 26. dxe5 Nxc3 {Le,Q (2715)-Bruzon Batista,L (2673) Khanty-Mansiysk 2011 ½-½ (34)}) 12... Ne7 13. e3 $146 (13. Qb3 {is too provocative, inviting the following operation.} c6 14. a4 b5 15. Qa3 (15. axb5 axb5 16. Ra1) 15... Qd7 (15... bxc4 $5) 16. Ra1 Bb6 (16... bxc4 $5) 17. axb5 axb5 18. Rfd1 d5 $13 {Verduga,D (2356)-Quezada,Y (2515)/Morelia 2007/CBM 116 ext (0-1, 46)}) ({RR} 13. Qb3 c6 14. a4 b5 15. Qa3 Qd7 16. Ra1 Bb6 17. axb5 axb5 18. Rfd1 d5 19. e3 Bg4 20. Nf3 Ng6 21. cxd5 cxd5 22. d4 exd4 23. Nxd4 Ne5 24. Qb3 Bxd1 25. Rxd1 Nc4 26. Bc1 Bxd4 27. Rxd4 Ra8 {Verduga Zavala,D (2356)-Quesada Perez,Y (2515) Morelia 2007 0-1 (46)}) 13... Qd7 14. Ne2 $1 {(!!) A clever display of the knights, which I do not remember having seen in this variation. (It is more typical for the reversed hippopotamus, if such a thing exists, where the knights would get to these squares without loss of time). The c4-, d4- and e4-squares are sufficiently well defended to allow the standard d3-d4, gaining space and restricting the a7-bishop.} Bg4 ({Black probably discarded} 14... Bh3 {because of} 15. Ne4 $5 Nxe4 16. Bxh3 Qxh3 17. dxe4 {[%csl Ga7]}) 15. Re1 Ng6 16. Qc2 c6 17. d4 $14 {Both sides have completed their planned regroupings, but White has more space. Black will need some time to find an useful job for his a7-bishop.} Rbe8 18. c5 Bb8 ({After} 18... d5 19. dxe5 Nxe5 20. f4 Ng6 {the a7-bishop would remain completely out of play (even after ...b8). White would have a pleasant choice already.} 21. e4 (21. Bxf6 Rxe3 $5 22. Bxg7 Kxg7 23. Nd4 Rxe1+ 24. Rxe1 $16) 21... Nxe4 22. Nxe4 dxe4 23. Bxe4 $16) 19. dxe5 dxe5 20. Nc4 Bh3 21. Rcd1 Qe6 22. Na5 Bxg2 23. Kxg2 Re7 24. e4 {The weakness of the b7-pawn prevents Black from actively fighting for the only open file. At the same time, his kingside attack is not reaching anywhere.} Qg4 25. Ng1 Nh4+ 26. Kh1 Nf3 27. Nxf3 Qxf3+ 28. Kg1 {The exchange of one knight has not helped Black to solve his problems: the d-file, the b7-pawn, his passive bishop.} Qg4 29. Rd3 Qc8 30. Nc4 Qe6 (30... Rd8 31. Nb6 Qc7 32. Red1 Rxd3 (32... Ree8 $2 33. Bxe5 $1 $18) 33. Qxd3 Re8 34. Nc4 $16) 31. f3 Bc7 32. Red1 Rd7 {Finally, Black has managed to neutralise part of White's pressure.} 33. Nd6 Bxd6 (33... b5 34. Qc3 Re7 $14 {would be solid, but not too appealing.}) 34. Rxd6 $6 {Allowing an unexpected resource.} (34. cxd6 $14) 34... Rxd6 $6 ({Missing his chance:} 34... Rfd8 $1 {Black is very close to equality, since White cannot prevent general exchanges.} 35. Rxe6 $2 {is impossible to} Rxd1+ $19 {retrieving the queen and winning more material after that.}) 35. Rxd6 $14 {White maintains his domination now, although Black has solved at least one of his problems: the bishop.} Qa2 36. Kg2 Re8 37. Qc3 Nh7 38. Rd2 Nf8 39. Bc1 Qe6 40. Rd6 Qa2+ 41. Qb2 Qxb2+ {The ending is less safe than Black might have thought.} (41... Qc4 $5 {would have kept White busy with avoiding perpetual checks.}) 42. Bxb2 f6 43. Kh3 {An interesting plan, but maybe not the best.} ({Playing in centre would have offered good chances for an advantage. Here is a sample line:} 43. Kf2 Kf7 44. Ke3 Re7 45. f4 exf4+ 46. gxf4 {The point is that} f5 {fails to stabilise the position in view of} 47. Be5 $1 (47. e5 Ne6 $11) 47... Ng6 48. exf5 Nxe5 49. fxe5 Rxe5+ 50. Kf4 Re7 51. Rd8 $16 {This ending is quite unpleasant for Black. Among others (lack of space, weak queenside) he is in zugzwang.} Re2 (51... Rc7 52. Ke5) (51... g5+ 52. fxg6+ Kxg6 53. Rd6+ Kg7 54. Kf5) 52. Rd7+ Re7 $2 53. Rxe7+ Kxe7 54. Ke5 h5 (54... Kf7 55. Kd6 Kf6 56. Kc7 Kxf5 57. Kxb7 $18) 55. h4 Kf7 56. Kf4 $1 (56. Kd6 {is less clear:} Kf6 57. Kc7 Kxf5 58. Kxb7 g5 59. Kxa6 gxh4 60. b5 h3 61. bxc6 h2 62. c7 h1=Q 63. c8=Q+) 56... Kf6 57. a4 $18) 43... Re7 44. Kg4 Kf7 45. Bc1 Rd7 46. Be3 Rxd6 47. cxd6 Nd7 48. a4 b6 49. a5 bxa5 50. bxa5 c5 (50... Ke6 {looks riskier than it really might be. White surely is not worse, but Black may be able to hold a draw.} 51. Kh5 Nf8 52. Bc5 Kd7 53. Ba3 Ne6 {A complicated regrouping.} 54. Kg6 c5 55. f4 (55. h4 Kxd6 56. Kf7 $44) 55... Kxd6 56. f5 Ng5 57. Kxg7 Nxe4 58. Kxh6 Kd5 {Quite a complicated position, which is evaluated as drawn by my engines.} 59. Kg6 c4 60. g4 c3 61. h4 Nd6 62. h5 Nc4 63. Bc1 e4 64. h6 e3 65. h7 e2 66. h8=Q e1=Q 67. Qg8+ Kd4 68. Qd8+ $11) 51. Kh5 Kg8 {...h7, ...g6} 52. f4 (52. Kg6 Nf8+ 53. Kf5 Kf7 $15 54. Bxc5 $2 h5 $3 $19 {with mate in one.}) 52... exf4 53. gxf4 Kf7 54. Bd2 Nf8 55. Be3 Nd7 56. f5 c4 57. Bd4 {Optically, it looks like if White has some chances, but in fact there are more ways than one to defend with Black. One important element is that the a5-pawn has the promotion square on a different colour from that of the bishop.} Ke8 (57... Nf8 {was also possible, not fearing} 58. e5 fxe5 59. Bxe5 {because of} Nd7 60. Bc3 Nf6+) 58. Kg6 Kf8 59. Bc3 Kg8 60. Bd4 Kf8 61. h3 Kg8 62. Bc3 Kf8 63. h4 Kg8 64. e5 $5 {Finally some action.} fxe5 65. f6 gxf6 (65... Nxf6 66. Bxe5 Kf8 $8 67. h5 Ke8 68. Kxg7 Nxh5+ 69. Kxh6 c3 70. Kxh5 c2 71. Bf4 Kd7 72. Kg4 c1=Q 73. Bxc1 Kxd6 $11) 66. h5 f5 67. Kxf5 Kf7 68. Bb4 e4 69. Kxe4 Ke6 70. Kd4 Nf6 71. Kxc4 Nxh5 72. Kc5 Nf6 73. Kc6 Nd7 74. Be1 h5 75. Bg3 Nf8 76. Kb7 h4 77. Bh2 Kd5 78. Kxa6 Kc6 79. Ka7 Nd7 80. a6 Nc5 $11 81. Bf4 h3 82. Bg3 Kb5 83. Bh2 Kc6 84. Bg3 Kb5 85. Bh2 1/2-1/2

[Event "Zuerich Chess Challenge"]
[Site "Zuerich"]
[Date "2014.01.31"]
[Round "2"]
[White "Carlsen, Magnus"]
[Black "Aronian, Levon"]
[Result "1/2-1/2"]
[WhiteElo "2872"]
[BlackElo "2812"]
[Annotator "Marin,Mihail"]
[PlyCount "80"]
[EventDate "2014.01.30"]
[EventType "tourn"]
[EventRounds "5"]
[EventCountry "SUI"]
[EventCategory "22"]
[SourceTitle "CBM 159"]
[Source "ChessBase"]
[SourceDate "2014.03.17"]
[SourceVersion "1"]
[SourceVersionDate "2014.03.17"]
[SourceQuality "1"]

1. c4 {Carlsen's intentions when opening the game with this move are not very clear. In the fifth game of his match against Anand he soon transposed to 1.d4, something Korchnoi used to do a lot in his matches against Karpov. In this game, White will not be given this opportunity.} Nf6 2. Nc3 e5 3. Nf3 Nc6 4. g3 d5 5. cxd5 Nxd5 6. Bg2 Nb6 {In my opinion, the most testing system against the English Opening. It is very hard to prove an objective advantage with White; you mainly need to know all the typical ideas and try to outplay your opponent by combining them in the most inspired way.} 7. O-O Be7 8. a3 O-O 9. d3 Re8 10. b4 Bf8 11. Rb1 a5 12. b5 Nd4 13. e3 $5 {A rare move and, at this level, a novelty. White usually does not play e2-e3 with the knight on f3 still.} (13. Nd2 a4 14. e3 Ne6 15. Nf3 Nc5 16. d4 exd4 17. Nxd4 {This was supposed to be good for White some 20 years ago, but things seem to have changed since then.} Qg5 (17... g6 {Georgiev,K (2580)-Gelfand,B (2680) Manila 1990 CBM 019 [Ribli] (1/2, 91)}) 18. e4 Qg6 19. Bf4 Ne6 20. Nxe6 Bxe6 21. Bxc7 Rec8 22. Bxb6 Rxc3 23. Qd4 {1/2 Flores,D (2599)-Garcia Palermo,C (2479) Mar del Plata 2012}) (13. Bb2 {used to be a favourite of Portisch:} a4 (13... Bg4 {Portisch,L (2605)-Kortschnoj,V (2625) Wijk aan Zee 1990 CBM 017 [Ribli] (1-0, 39)}) 14. Nd2 {Portisch,L (2605)-Petursson,M (2555) Wijk aan Zee 1990 CBM 017 [Ribli] (1/2, 39)}) ({RR} 13. Nd2 a4 14. e3 Ne6 15. Nf3 Nc5 16. Nxe5 Rxe5 17. d4 Re8 18. dxc5 Qxd1 19. Rxd1 Bxc5 20. Bb2 Nc4 21. Nd5 Nxb2 22. Rxb2 Bxa3 23. Rc2 Be6 24. Nxc7 Bb3 25. Ra1 Bxc2 26. Rxa3 Bb3 27. Nxa8 Rxa8 {Nepomniachtchi,I (2749)-Vachier Lagrave,M (2796) Sharjah 2017 ½-½ (96)}) ({RR} 13. Nd2 a4 14. e3 Ne6 15. Nf3 Nc5 16. d4 exd4 17. exd4 Nb3 18. Bg5 f6 19. Bf4 Be6 20. Re1 Qd7 21. Bh1 Bf7 22. Be3 Nc4 23. Nd2 Rxe3 24. fxe3 Ncxd2 25. Ra1 c5 26. Ra2 cxd4 27. Rxd2 Nxd2 {Grzesik,G (2175)-Hjartarson,J (2464) chess.com INT 2025 0-1 (40)}) 13... Nxf3+ 14. Bxf3 a4 (14... Bh3 $6 {offers White pleasant play:} 15. Bxb7 $1 Bxf1 {Vezzosi,P (2362)-Ranola,Y (2432) Salsomaggiore Terme 2006 (0-1, 49)} 16. Qxf1 Rb8 17. Bc6 Re6 18. Bb2 Rd6 19. Rd1 $44) 15. Qe2 $146 {Planning a long and logical regrouping.} ({The previously played} 15. Qc2 {does make sense, though:} Ra5 ({If Black chooses the same setup as in the game with} 15... Ra7 {White could speed up his initiative with} 16. Ne4 {[%cal Ge4c5] inhibiting the development of the c8-bishop in view of the threat c5; here we see that the queen is useful on c2 and that White is ready for action even with incomplete development. One main thing is that the 7-rook is passive.} f5 17. Nd2 Be6 18. Bb2 Bd6 19. Nc4 Nxc4 20. dxc4 Qe7 21. Qc3 e4 22. Bh5 Rd8 23. f3 Qg5 24. f4 Qe7 25. g4 {White's position remains more pleasant, but is it enough for anything?}) 16. Rd1 f5 $6 17. e4 $1 $14 {[%csl Gf4] Kristiansen,J (2445)-Jakobsen,O (2390) Copenhagen 1990 (1-0, 33)}) ({RR} 15. Qc2 Ra5 16. Rd1 f5 17. e4 g6 18. Bg2 Qd6 19. exf5 gxf5 20. Be3 Be6 21. Bxb7 Bb3 22. Rxb3 axb3 23. Qxb3+ Kg7 24. a4 Qa3 25. Qc2 Nxa4 26. Nd5 Bd6 27. Qd2 Qb3 28. Bh6+ Kf7 29. Qg5 Qxd1+ {Kristiansen,J (2445)-Jakobsen,O (2390) Copenhagen 1990 1-0 (33)}) 15... Ra7 16. Bb2 Be6 17. Rfc1 {Logical, but also a bit slow. If the rooks go on the b- and c-files, the queen is surely well placed on e2.} Qd7 ({Aronian does not feel like embarking double edged action such as} 17... f5 18. e4 f4 19. gxf4 exf4 20. Kh1 $5 {[%cal Gc1g1]}) 18. Ne4 Ba2 $1 {At some later point it will appear that the white queen's rook actually stands better on a1 than on b1. And yet, at this point in the game, the last move is the best.} (18... Bd5 19. Nc5 $14 Qxb5 $2 20. Bxe5 $16 {Here we see the role of the b1-rook.}) (18... Bb3 19. Nd2 Ba2 20. Ra1 Bd5 21. Bxd5 Nxd5 22. e4 Nb6 23. Nf3 Bd6 (23... Qxb5 24. Rab1 $1 {[%cal Gb2e5] Even with a loss of one tempo the rook is quite effective here, for instance} Qa5 $6 25. Rxc7 Bd6 26. Bc3 Qa6 27. Ng5 $1 {[%cal Ge2h5]} h6 28. Qh5 Rf8 29. Nxf7 Bxc7 30. Nxh6+ gxh6 31. Qg6+ Kh8 32. Qxh6+ Kg8 33. Qg6+ Kh8 34. Rxb6 $1 Qxb6 35. Bxe5+ Bxe5 36. Qxb6 $16 {lots of pawns...}) 24. d4 $14 {[%csl Ga7]}) 19. Ra1 Bd5 20. Bg4 {Aiming to provoke some weakening of Black's position.} Qd8 ({Actually,} 20... f5 {was entirely playable, but the following variation had to be calculated accurately.} 21. Bh3 Ra5 22. Ng5 Bd6 23. e4 Qe7 $1 {Exiting the pin and attacking the knight.} 24. Qd2 Rxb5 $1 25. exd5 Rxb2 26. Qxb2 Qxg5 $44 {There is no obvious way to breakthrough with White. In fact, it is mainly Black who could think of a pawn attack on the kingside.}) 21. Bc3 Nd7 22. Bf3 $6 {Giving away the chances to keep the micro-initiative.} (22. Qb2 $5 {[%cal Gc3b4] The bishop exchange would spare White any troubles with the a3-pawn and would ensure some queenside space for the major pieces.} b6 ({The bishop would be exposed after} 22... Bb3 23. Bb4 Bxb4 24. axb4 b6 25. Rc3 {[%cal Gc3b3]} Bd5 26. Nd2 Nf6 27. Bd1 $16 {[%csl Ga4]}) 23. Bb4 Bxe4 24. dxe4 Bxb4 25. Qxb4 Nc5 26. Be2 Ra8 27. Bc4 $1 Qf6 (27... Nxe4 $2 28. Bxf7+ $1 $16) 28. Rc2 Rad8 29. Bd5 $14 {[%csl Ga4,Gc7][%cal Ga1c1,Gc2c5]}) 22... b6 $1 {[%cal Gd7c5] Crossing White's plans.} ({There was absolutely no need to fall into the thematic trap} 22... f5 $2 23. Nd6 $1 $16 Bxf3 24. Qa2+ $1 $18) 23. Bb4 $5 {Not the optimal way to exchange bishops, but a reasonable one...} ({Now is too late for} 23. Qb2 {in view of} Nc5 $1) 23... Bxb4 24. axb4 Qe7 25. Nc3 Bxf3 26. Qxf3 Nf6 $1 (26... a3 $6 {not only fails to keep the pawn, but also hands over the initiative to White:} 27. Nd5 Qd8 (27... Qd6 $2 28. Rc6 $18) 28. Rc3 $16 {[%csl Ga3]}) ({Or if} 26... Qxb4 $6 27. Qc6 Rd8 {White has a pleasant choice already} 28. Nd5 $1 (28. Nxa4 $5 $14 Rxa4 $2 29. Qxc7 $1) 28... Qb3 29. Nxc7 $16 {Black's poor coordination seems to be more relevant than his passed pawn.}) 27. Rxa4 Rxa4 28. Nxa4 Qxb4 $11 29. Nc3 Qb2 30. Qd1 Rd8 31. Kg2 h6 32. h3 Rxd3 {Actually, any reasonable move would suffice for equality. True, White's structure is more compact, but Black is quite active.} (32... Rd7 $11) 33. Qxd3 Qxc1 34. Qd8+ Kh7 35. Qxc7 Ne4 $1 {Otherwise Black would be in some trouble.} (35... e4 36. Qe5 Qc2 37. Nd5 Nxd5 38. Qxd5 $16 {[%csl Gb6,Ge4,Gf7]}) 36. Qxe5 (36. Qxf7 $11) 36... Nxc3 37. Qf5+ Kg8 38. Qc8+ Kh7 39. Qf5+ Kh8 40. Qc8+ Kh7 1/2-1/2